Arthritis research / (Record no. 234551)

000 -LEADER
fixed length control field 02421cam a22003374a 4500
001 - CONTROL NUMBER
control field 14017802
003 - CONTROL NUMBER IDENTIFIER
control field Nust
005 - DATE AND TIME OF LATEST TRANSACTION
control field 20170322164915.0
008 - FIXED-LENGTH DATA ELEMENTS--GENERAL INFORMATION
fixed length control field 050623s2005 nyua b 001 0 eng
010 ## - LIBRARY OF CONGRESS CONTROL NUMBER
LC control number 2005018243
020 ## - INTERNATIONAL STANDARD BOOK NUMBER
International Standard Book Number 978-1-58829-344-2
035 ## - SYSTEM CONTROL NUMBER
System control number (DNLM)101250925
040 ## - CATALOGING SOURCE
Original cataloging agency DNLM/DLC
Transcribing agency ASAB
Modifying agency DLC
042 ## - AUTHENTICATION CODE
Authentication code pcc
050 00 - LIBRARY OF CONGRESS CALL NUMBER
Classification number RC933
Item number .A66524 2005
060 10 - NATIONAL LIBRARY OF MEDICINE CALL NUMBER
Classification number WE 344
Item number A7918 2005
082 00 - DEWEY DECIMAL CLASSIFICATION NUMBER
Classification number 616.7/22
Edition number 22
245 00 - TITLE STATEMENT
Title Arthritis research /
Statement of responsibility, etc. edited by Andrew P. Cope
Remainder of title methods and protocls
260 ## - PUBLICATION, DISTRIBUTION, ETC.
Place of publication, distribution, etc. New York :
Name of publisher, distributor, etc. Nova Biomedical Books,
Date of publication, distribution, etc. c2005.
300 ## - PHYSICAL DESCRIPTION
Extent xi, 202 p. :
Other physical details ill. (some col.) ;
Dimensions 27 cm.
440 ## - SERIES STATEMENT/ADDED ENTRY--TITLE
Volume/sequential designation volume I
504 ## - BIBLIOGRAPHY, ETC. NOTE
Bibliography, etc. note Includes bibliographical references and index.
505 0# - FORMATTED CONTENTS NOTE
Formatted contents note Endocrine and cytokine regulation of glucose transport in chondrocytes: a key to understanding cartilage development and degradation in osteoarthritis / Ali Mobasheri ... et al. -- Joint disease caused by disturbance of negative regulatory mechanisms in GP130-mediated signaling / Minoru Fujimoto ... et al. -- The role of cyclooxygenase and prostaglandins in the pathogenesis of rheumatoid arthritis / Joanna Agnieszka Stanczyk and Marek Leszek Kowalski -- Physical function assessment in children with rheumatic diseases / L. Nandini ... et al. -- Management of ankylosing spondylitis and related spondylarthritis: established treatments, new pharmacological options, and anti-TNF Therapies / Éric A. Toussirot -- The salivary component of primary Sjögren's syndrome: diagnosis, pathogenesis, clinical features, and management / Anne Marie Lynge Pedersen and Birgitte Nauntofte -- Sjögren syndrome: a multisystem exocrinopathy-oral aspect / Ibtisam Al-Hashimi -- Persistant plaques and linear pigmentation in adult-onset Still's Disease / Kayano Suzuki ... et al. -- Novel therapies for the treatment of systemic lupus erythematosus / Mariana J. Kaplan.
650 #0 - SUBJECT ADDED ENTRY--TOPICAL TERM
Topical term or geographic name entry element Arthritis.
650 12 - SUBJECT ADDED ENTRY--TOPICAL TERM
Topical term or geographic name entry element Arthritis
General subdivision physiopathology.
650 22 - SUBJECT ADDED ENTRY--TOPICAL TERM
Topical term or geographic name entry element Arthritis
General subdivision therapy.
700 1# - ADDED ENTRY--PERSONAL NAME
Personal name Columbus, Frank H.
856 41 - ELECTRONIC LOCATION AND ACCESS
Materials specified Table of contents
Uniform Resource Identifier <a href="http://www.loc.gov/catdir/toc/ecip0515/2005018243.html">http://www.loc.gov/catdir/toc/ecip0515/2005018243.html</a>
906 ## - LOCAL DATA ELEMENT F, LDF (RLIN)
a 7
b cbc
c orignew
d 1
e ecip
f 20
g y-gencatlg
942 ## - ADDED ENTRY ELEMENTS (KOHA)
Source of classification or shelving scheme
Koha item type Book
Holdings
Withdrawn status Lost status Source of classification or shelving scheme Damaged status Not for loan Collection code Permanent Location Current Location Date acquired Total Checkouts Full call number Barcode Date last seen Price effective from Koha item type
            Atta-ur-Rahman School of Applied Biosciences (ASAB) Atta-ur-Rahman School of Applied Biosciences (ASAB) 03/22/2017   616.7 COP ASAB605 03/22/2017 03/22/2017 Book
© 2023 Central Library, National University of Sciences and Technology. All Rights Reserved.